<?xml version="1.0" encoding="UTF-8"?>
<record
    xmlns:xsi="http://www.w3.org/2001/XMLSchema-instance"
    xsi:schemaLocation="http://www.loc.gov/MARC21/slim http://www.loc.gov/standards/marcxml/schema/MARC21slim.xsd"
    xmlns="http://www.loc.gov/MARC21/slim">

  <leader>00441nam a2200157   4500</leader>
  <controlfield tag="003">SEACOMEC</controlfield>
  <controlfield tag="005">20250512120827.0</controlfield>
  <controlfield tag="008">250512b        |||||||| |||| 00| 0 eng d</controlfield>
  <datafield tag="020" ind1=" " ind2=" ">
    <subfield code="a">9788131805220</subfield>
    <subfield code="c">295.00</subfield>
  </datafield>
  <datafield tag="040" ind1=" " ind2=" ">
    <subfield code="a">SEACOMEC</subfield>
  </datafield>
  <datafield tag="082" ind1=" " ind2=" ">
    <subfield code="a">512</subfield>
    <subfield code="b">G721</subfield>
  </datafield>
  <datafield tag="100" ind1=" " ind2=" ">
    <subfield code="a">Goyal,  Manish </subfield>
  </datafield>
  <datafield tag="245" ind1=" " ind2=" ">
    <subfield code="a">Numerical Methods and Statistical Techniques Using 'C' / </subfield>
    <subfield code="c"> Manish Goyal</subfield>
  </datafield>
  <datafield tag="260" ind1=" " ind2=" ">
    <subfield code="a">Kolkata: </subfield>
    <subfield code="b">Laxmi Publications,</subfield>
    <subfield code="c"> 2009</subfield>
  </datafield>
  <datafield tag="942" ind1=" " ind2=" ">
    <subfield code="c">BOOK</subfield>
  </datafield>
  <datafield tag="952" ind1=" " ind2=" ">
    <subfield code="0">0</subfield>
    <subfield code="1">0</subfield>
    <subfield code="2">ddc</subfield>
    <subfield code="4">0</subfield>
    <subfield code="7">0</subfield>
    <subfield code="a">SEACOMEC</subfield>
    <subfield code="b">SEACOMEC</subfield>
    <subfield code="d">2010-10-26</subfield>
    <subfield code="l">0</subfield>
    <subfield code="o">512 G721</subfield>
    <subfield code="p">17323</subfield>
    <subfield code="r">2025-05-12 12:24:49</subfield>
    <subfield code="w">2025-05-12</subfield>
    <subfield code="y">REF</subfield>
  </datafield>
  <datafield tag="952" ind1=" " ind2=" ">
    <subfield code="0">0</subfield>
    <subfield code="1">0</subfield>
    <subfield code="2">ddc</subfield>
    <subfield code="4">0</subfield>
    <subfield code="7">0</subfield>
    <subfield code="a">SEACOMEC</subfield>
    <subfield code="b">SEACOMEC</subfield>
    <subfield code="d">2010-10-26</subfield>
    <subfield code="l">0</subfield>
    <subfield code="o">512 G721</subfield>
    <subfield code="p">17324</subfield>
    <subfield code="r">2025-05-12 12:24:49</subfield>
    <subfield code="t">1</subfield>
    <subfield code="w">2025-05-12</subfield>
    <subfield code="y">BOOK</subfield>
  </datafield>
  <datafield tag="952" ind1=" " ind2=" ">
    <subfield code="0">0</subfield>
    <subfield code="1">0</subfield>
    <subfield code="2">ddc</subfield>
    <subfield code="4">0</subfield>
    <subfield code="7">0</subfield>
    <subfield code="a">SEACOMEC</subfield>
    <subfield code="b">SEACOMEC</subfield>
    <subfield code="d">2010-10-26</subfield>
    <subfield code="l">0</subfield>
    <subfield code="o">512 G721</subfield>
    <subfield code="p">17325</subfield>
    <subfield code="r">2025-05-12 12:24:49</subfield>
    <subfield code="t">2</subfield>
    <subfield code="w">2025-05-12</subfield>
    <subfield code="y">BOOK</subfield>
  </datafield>
  <datafield tag="952" ind1=" " ind2=" ">
    <subfield code="0">0</subfield>
    <subfield code="1">0</subfield>
    <subfield code="2">ddc</subfield>
    <subfield code="4">0</subfield>
    <subfield code="7">0</subfield>
    <subfield code="a">SEACOMEC</subfield>
    <subfield code="b">SEACOMEC</subfield>
    <subfield code="d">2010-10-26</subfield>
    <subfield code="l">0</subfield>
    <subfield code="o">512 G721</subfield>
    <subfield code="p">17326</subfield>
    <subfield code="r">2025-05-12 12:24:49</subfield>
    <subfield code="t">3</subfield>
    <subfield code="w">2025-05-12</subfield>
    <subfield code="y">BOOK</subfield>
  </datafield>
  <datafield tag="952" ind1=" " ind2=" ">
    <subfield code="0">0</subfield>
    <subfield code="1">0</subfield>
    <subfield code="2">ddc</subfield>
    <subfield code="4">0</subfield>
    <subfield code="7">0</subfield>
    <subfield code="a">SEACOMEC</subfield>
    <subfield code="b">SEACOMEC</subfield>
    <subfield code="d">2010-10-26</subfield>
    <subfield code="l">0</subfield>
    <subfield code="o">512 G721</subfield>
    <subfield code="p">17327</subfield>
    <subfield code="r">2025-05-12 12:24:49</subfield>
    <subfield code="t">4</subfield>
    <subfield code="w">2025-05-12</subfield>
    <subfield code="y">BOOK</subfield>
  </datafield>
  <datafield tag="952" ind1=" " ind2=" ">
    <subfield code="0">0</subfield>
    <subfield code="1">0</subfield>
    <subfield code="2">ddc</subfield>
    <subfield code="4">0</subfield>
    <subfield code="7">0</subfield>
    <subfield code="a">SEACOMEC</subfield>
    <subfield code="b">SEACOMEC</subfield>
    <subfield code="d">2010-10-26</subfield>
    <subfield code="l">0</subfield>
    <subfield code="o">512 G721</subfield>
    <subfield code="p">17328</subfield>
    <subfield code="r">2025-05-12 12:24:49</subfield>
    <subfield code="t">5</subfield>
    <subfield code="w">2025-05-12</subfield>
    <subfield code="y">BOOK</subfield>
  </datafield>
  <datafield tag="952" ind1=" " ind2=" ">
    <subfield code="0">0</subfield>
    <subfield code="1">0</subfield>
    <subfield code="2">ddc</subfield>
    <subfield code="4">0</subfield>
    <subfield code="7">0</subfield>
    <subfield code="a">SEACOMEC</subfield>
    <subfield code="b">SEACOMEC</subfield>
    <subfield code="d">2010-10-26</subfield>
    <subfield code="l">0</subfield>
    <subfield code="o">512 G721</subfield>
    <subfield code="p">17329</subfield>
    <subfield code="r">2025-05-12 12:24:49</subfield>
    <subfield code="t">6</subfield>
    <subfield code="w">2025-05-12</subfield>
    <subfield code="y">BOOK</subfield>
  </datafield>
  <datafield tag="952" ind1=" " ind2=" ">
    <subfield code="0">0</subfield>
    <subfield code="1">0</subfield>
    <subfield code="2">ddc</subfield>
    <subfield code="4">0</subfield>
    <subfield code="7">0</subfield>
    <subfield code="a">SEACOMEC</subfield>
    <subfield code="b">SEACOMEC</subfield>
    <subfield code="d">2010-10-26</subfield>
    <subfield code="l">0</subfield>
    <subfield code="o">512 G721</subfield>
    <subfield code="p">17330</subfield>
    <subfield code="r">2025-05-12 12:24:49</subfield>
    <subfield code="t">7</subfield>
    <subfield code="w">2025-05-12</subfield>
    <subfield code="y">BOOK</subfield>
  </datafield>
  <datafield tag="952" ind1=" " ind2=" ">
    <subfield code="0">0</subfield>
    <subfield code="1">0</subfield>
    <subfield code="2">ddc</subfield>
    <subfield code="4">0</subfield>
    <subfield code="7">0</subfield>
    <subfield code="a">SEACOMEC</subfield>
    <subfield code="b">SEACOMEC</subfield>
    <subfield code="d">2010-10-26</subfield>
    <subfield code="l">0</subfield>
    <subfield code="o">512 G721</subfield>
    <subfield code="p">17331</subfield>
    <subfield code="r">2025-05-12 12:24:49</subfield>
    <subfield code="t">8</subfield>
    <subfield code="w">2025-05-12</subfield>
    <subfield code="y">BOOK</subfield>
  </datafield>
  <datafield tag="952" ind1=" " ind2=" ">
    <subfield code="0">0</subfield>
    <subfield code="1">0</subfield>
    <subfield code="2">ddc</subfield>
    <subfield code="4">0</subfield>
    <subfield code="7">0</subfield>
    <subfield code="a">SEACOMEC</subfield>
    <subfield code="b">SEACOMEC</subfield>
    <subfield code="d">2010-10-26</subfield>
    <subfield code="l">0</subfield>
    <subfield code="o">512 G721</subfield>
    <subfield code="p">17332</subfield>
    <subfield code="r">2025-05-12 12:24:49</subfield>
    <subfield code="t">9</subfield>
    <subfield code="w">2025-05-12</subfield>
    <subfield code="y">BOOK</subfield>
  </datafield>
  <datafield tag="999" ind1=" " ind2=" ">
    <subfield code="c">2280</subfield>
    <subfield code="d">2280</subfield>
  </datafield>
</record>
